[Event "Kaupthing op-B 1st"]
[Site "Differdange"]
[Date "2007.07.11"]
[Round "6"]
[White "Kessler, Lucien"]
[Black "Cressa, Luca"]
[Result "1-0"]
[WhiteElo "1553"]
[BlackElo "1250"]
[PlyCount "53"]
[EventDate "2007.07.08"]
[EventType "swiss"]
[EventRounds "9"]
[EventCountry "LUX"]
[SourceTitle "EXT 2008"]
[Source "ChessBase"]
[SourceDate "2007.11.25"]
[SourceVersion "1"]
[SourceVersionDate "2007.11.25"]
[SourceQuality "1"]

1. e4 e5 2. Nf3 Nc6 3. d4 d5 4. Nc3 Nf6 5. dxe5 Ng4 6. Bb5 Bc5 7. 0-0 Bd7 8. Qxd5 Bxf2+ 9. Rxf2 Nxf2 10. Kxf2 Nb4 11. Qb3 c5 12. Bf4 a6 13. Bxd7+ Qxd7 14. Rd1 Qe6 15. Nd5 0-0-0 16. a3 Nxd5 17. exd5 Qg6 18. d6 Qe4 19. Be3 f6 20. e6 f5 21. Bxc5 Qc6 22. d7+ Kc7 23. Bd6+ Qxd6 24. Rxd6 Kxd6 25. Nd4 f4 26. Nf5+ Kc7 27. Qd5 1-0